|
|
|
|
| LEADER |
00000nam a2200000 a 4500 |
| 001 |
vtls001222082 |
| 003 |
SK-MaSNL |
| 005 |
20260302073950.0 |
| 008 |
251113s1991 PL 0 pol |
| 020 |
|
|
|c [20,00]
|
| 035 |
|
|
|a SNK000167468
|
| 040 |
|
|
|a SNK
|b slo
|c SNK
|e AACR2
|
| 044 |
|
|
|a PL
|
| 080 |
|
|
|a 025.85
|2 1981
|
| 100 |
1 |
|
|a Zyska, Bronisław
|4 aut
|9 516939
|
| 245 |
1 |
|
|a Ochrona zbiorów bibliotecznych przed zniszczeniem
|n tom 1
|p Charakterystyka materiałów w zbiorach bibliotecznych
|c Bronisław Zyska
|
| 260 |
|
|
|a Katowice
|b Uniwersytet Śląski
|c 1991
|
| 300 |
|
|
|a 120 s.
|c 24 cm
|
| 490 |
1 |
|
|a Skrypty Uniwersytetu Śląskiego
|x 0239-6432
|v nr. 463
|
| 650 |
0 |
7 |
|a fondy knižničné
|x ochrana
|x štúdie
|2 SNK
|9 583328
|
| 830 |
|
0 |
|a Skrypty Uniwersytetu Śląskiego
|9 287651
|
| 999 |
|
|
|c 1163038
|d 1164968
|
| 952 |
|
|
|a SNK
|b SNK
|y VYP
|7 0
|p 17A0096526
|o snkIC 123381/1
|i snkV 3020/93
|0 0
|1 0
|4 0
|d 1996-10-11
|l 0
|r 2005-01-01 00:00:00
|w 2026-02-24
|
| 952 |
|
|
|t P60, <04>, [BOOK], {604}
|a SNK
|b SNK
|y NEVYP
|7 0
|p 17A0013900
|o snkIC 123381/1 D1
|i snkV 1858/96
|0 0
|1 1
|4 0
|d 1996-10-11
|l 0
|r 2005-01-01 00:00:00
|w 2026-02-24
|